000 00642nab a2200181 4500
001 244442
003 OSt
005 20241205090456.0
007 tu
008 200917s2020|||||||
040 _aDE-2950
_cDE-2950
245 0 0 _aFestzeit in der Doppelstadt
_bBegegnung. Am kommenden Sonntag eröffnet der traditionelle lebende Adventskalender mit zahlreichen weihnachtlichen Veranstaltungen in Frankfurt und Slubice/
_cRené Matschkowiak
264 _c2024
653 _aFrankfurt (Oder)
653 _aLebendiger Adventskalender
773 0 _g35. Jahrgang (2024) Nr. 278 vom 28.11.2024, S. 16 mit Foto
_tMärkische Oderzeitung
942 _2z
_cA
999 _c373489
_d373489